000 00544nam a2200217Ia 4500
003 OSt
005 20220107122655.0
008 130318s9999 xx 000 0 und d
020 _a9788131711064
040 _c
082 _a005.12 PLA/O
100 _aBlaha, Michael R
_97405
245 _aObject oriented modeling and design with UML
250 _a2
260 _bPearson Education
_aNew Delhi
_c2005
300 _a477
650 _aOO LANGUAGES
_97406
650 _aUML 2
_97407
700 _aRumbaugh, James R
_97408
942 _2ddc
_cBK
999 _c2261
_d2261